| 000 | 01034nam a22003137a 4500 | ||
|---|---|---|---|
| 003 | CHAP | ||
| 005 | 20220329135338.0 | ||
| 008 | 971013s1975 r 00010 d | ||
| 010 | _a34771 | ||
| 011 | _a35743 | ||
| 035 | _a39860 | ||
| 040 | _cCHAP | ||
| 090 | _aFolleto 11382 | ||
| 100 | 0 | 0 |
_aMetz, J. H. M. _975252 |
| 245 | _aEquipment for recording feeding, drinking, rumination and standing-lying behavior of catlle | ||
| 260 |
_aWageningen : _bVeenman and Zonen, _c1975 |
||
| 300 |
_a12 p. _b: ilus |
||
| 490 |
_aMededeling landbowhogeschool _v; 75-4 |
||
| 590 |
_aBATCH-UPD _b10 _c20130110 _lUCH01 _h2201 |
||
| 590 |
_aBATCH-UPD _b10 _c20130410 _lUCH01 _h1508 |
||
| 590 |
_aBATCH-UPD _b10 _c20130914 _lUCH01 _h1457 |
||
| 590 |
_aCONVERSION _b10 _c20130109 _lUCH01 _h1319 |
||
| 650 | 1 | 4 |
_aGanaderĂa _xAparatos e instrumentos. _944611 |
| 700 | 0 |
_aBorel, G. _913854 |
|
| 830 | 0 |
_aMededeling landbowhogeschool _v; 75-4 _973841 |
|
| 901 | _aBK | ||
| 942 | _cLIBRO | ||
| 949 |
_aFolleto 11382 _bBC _cLIBRO _d-90922 _eLIBRO _h1235 _i39860 _si |
||
| 999 |
_c34771 _d34771 |
||